| 000 | 00487cam a22001097a 4500 | ||
|---|---|---|---|
| 008 | 180718b1970 xxu||||| |||| 00| 0 eng d | ||
| 082 | _aYAx438/Un3 | ||
| 245 |
_aNational science policy and organization of research in Poland _cby United Nations Educational, Scientific and Culture Organisation |
||
| 260 |
_aParis _bUnited Nations Educational, Scientific and Culture Organisation _c1970 |
||
| 300 | _a126+p. | ||
| 700 | _aFrance. United Nations Educational, Scientific and Culture Organisation | ||
| 999 |
_c499261 _d499261 |
||